Central Library OPAC University of Rajshahi

The law relating to witnesses : (Record no. 5023)

MARC details
000 -LEADER
fixed length control field 00829cam a2200265 i 4500
001 - CONTROL NUMBER
control field 5023
003 - CONTROL NUMBER IDENTIFIER
rucl marc code BD-RjUL
005 - DATE AND TIME OF LATEST TRANSACTION
control field 20211208234009.0
008 - FIXED-LENGTH DATA ELEMENTS--GENERAL INFORMATION
fixed length control field 131224s1979 pk 000 0 eng
035 ## - SYSTEM CONTROL NUMBER
System control number (BD-RjUL)5059
040 ## - CATALOGING SOURCE
Original cataloging agency DLC
Transcribing agency DLC
Modifying agency DLC
Language of cataloging eng
041 ## - LANGUAGE CODE
Language code of text/sound track or separate title eng
082 00 - DEWEY DECIMAL CLASSIFICATION NUMBER
Classification number 347.5491066
Author mark and year HAL 1979
100 1# - MAIN ENTRY--PERSONAL NAME
Personal name Hasan, Masudul.
9 (RLIN) 15813
245 14 - TITLE STATEMENT
Title The law relating to witnesses :
Remainder of title civil, criminal, revenue, and labours, etc. /
Statement of responsibility, etc. by Masud-ul-Hassan.
260 ## - PUBLICATION, DISTRIBUTION, ETC. (IMPRINT)
Place of publication, distribution, etc. Lahore :
Name of publisher, distributor, etc. Pakistan Law Book Centre,
Date of publication, distribution, etc. 1979.
300 ## - PHYSICAL DESCRIPTION
Pagination xii, 76 p. ;
Size 25 cm.
500 ## - GENERAL NOTE
General note On cover: By Azhar Ali Shah Bokhari, Masud-ul-Hassan.
526 ## - STUDY PROGRAM INFORMATION NOTE
Requested Dept. LAW
650 #0 - SUBJECT ADDED ENTRY--TOPICAL TERM
Topical term or geographic name as entry element Witnesses
Geographic subdivision Pakistan.
9 (RLIN) 15814
700 1# - ADDED ENTRY--PERSONAL NAME
Personal name Bokhari, Azhar Ali Shah,
Relator term joint author.
942 ## - ADDED ENTRY ELEMENTS (KOHA)
Source of classification or shelving scheme Dewey Decimal Classification
Koha item type Books
Holdings
Lost status Source of classification or shelving scheme Damaged status Not for loan Collection code Permanent Location Current Location Shelving location Date acquired Source of acquisition Cost, normal purchase price Total Checkouts Full call number Date last seen Copy number Koha item type
  Dewey Decimal Classification   Not For Loan Non-fiction Central Library, University of Rajshahi Central Library, University of Rajshahi   30/12/1982 Pakistan law house 12.00   347.5491066 HAL 1979 24/12/2013 C-1 Books
  Dewey Decimal Classification       Central Library, University of Rajshahi Central Library, University of Rajshahi   30/12/1982 Pakistan law house 12.00   347.5491066 HAL 1979 16/01/2014 C-3 Books
  Dewey Decimal Classification       Central Library, University of Rajshahi Central Library, University of Rajshahi   30/12/1982 Pakistan law house 12.00   347.5491066 HAL 1979 16/01/2014 C-4 Books
  Dewey Decimal Classification     Non-fiction Central Library, University of Rajshahi Central Library, University of Rajshahi   30/12/1982 Pakistan Law House 12.00   347.5491066 HAL 1979 26/07/2016 C-5 Books